Robbins Basic Pathology (Record no. 8617)
[ view plain ]
| 000 -LEADER | |
|---|---|
| fixed length control field | 00446nam a22001577a 4500 |
| 003 - CONTROL NUMBER IDENTIFIER | |
| control field | OSt |
| 008 - FIXED-LENGTH DATA ELEMENTS--GENERAL INFORMATION | |
| fixed length control field | 200320b ||||| |||| 00| 0 eng d |
| 020 ## - INTERNATIONAL STANDARD BOOK NUMBER | |
| International Standard Book Number | 9780323480543 |
| 100 ## - MAIN ENTRY--PERSONAL NAME | |
| Personal name | Vinay Kumar, Abul K. Abbas, Jon C. Aster |
| 245 ## - TITLE STATEMENT | |
| Title | Robbins Basic Pathology |
| 250 ## - EDITION STATEMENT | |
| Edition statement | 10th (2018) |
| 260 ## - PUBLICATION, DISTRIBUTION, ETC. (IMPRINT) | |
| Place of publication, distribution, etc | New Delhi |
| Name of publisher, distributor, etc | Elsevier India |
| 300 ## - PHYSICAL DESCRIPTION | |
| Extent | Hardcover: 935 pages, Dimensions: 26 x 3.7 x 29 cm |
| 650 ## - SUBJECT ADDED ENTRY--TOPICAL TERM | |
| Topical term or geographic name as entry element | Pathophysiology |
| 942 ## - ADDED ENTRY ELEMENTS (KOHA) | |
| Source of classification or shelving scheme | Dewey Decimal Classification |
| Koha item type | Text Books |
| 942 ## - ADDED ENTRY ELEMENTS (KOHA) | |
| -- | 12 |
| Withdrawn status | Lost status | Source of classification or shelving scheme | Damaged status | Not for loan | Collection code | Home library | Current library | Date acquired | Source of acquisition | Currency | Cost, normal purchase price | Bill Number | Total Checkouts | Full call number | Acc. no. / Barcode | Date last seen | Date last borrowed | Actual Cost, discounted price | Bill Date | Koha item type |
|---|---|---|---|---|---|---|---|---|---|---|---|---|---|---|---|---|---|---|---|---|
| Dewey Decimal Classification | B.Pharma | PIET C-LIBRARY | PIET C-LIBRARY | 07/01/2020 | Kirti Prakashan | IN Rupees | 2200.00 | IN5980 | 10 | 616.07 KUR | BP436 | 09/07/2025 | 28/06/2025 | 1540.00 | 07/01/2020 | Text Books | ||||
| Dewey Decimal Classification | B.Pharma | PIET C-LIBRARY | PIET C-LIBRARY | 07/01/2020 | Kirti Prakashan | IN Rupees | 2200.00 | IN5980 | 10 | 616.07 KUR | BP437 | 26/08/2025 | 08/08/2025 | 1540.00 | 07/01/2020 | Text Books | ||||
| Dewey Decimal Classification | B.Pharma | PIET C-LIBRARY | PIET C-LIBRARY | 07/01/2020 | Kirti Prakashan | IN Rupees | 2200.00 | IN5980 | 6 | 616.07 KUR | BP438 | 14/07/2025 | 27/06/2025 | 1540.00 | 07/01/2020 | Text Books |